| 000 | 02670cim a2200493Ma 4500 | ||
|---|---|---|---|
| 001 | ocn868198486 | ||
| 003 | OCoLC | ||
| 005 | 20200320192016.0 | ||
| 007 | sd fungnnmmned | ||
| 008 | 140103s2013 mnunnnn f n eng d | ||
| 020 | _a9781622313563 | ||
| 020 | _a1622313569 | ||
| 020 | _c29.95 | ||
| 028 | 0 | 2 |
_aDD10016 _bRecorded Books |
| 035 | _a(OCoLC)868198486 | ||
| 040 |
_aRECBX _beng _cRECBX _dOCLCO _dWACOL |
||
| 049 | _aWACL | ||
| 050 | 1 | 4 |
_aPS3551.L5 _bF68 2013b |
| 082 | 0 | 4 |
_a813/.54 _223 |
| 092 |
_aCD _bAll |
||
| 100 | 1 |
_aAllyn, John. _95885890 |
|
| 240 | 1 | 0 | _aForty-seven ronin story |
| 245 | 1 | 0 |
_a47 ronin _h[sound recording] / _cJohn Allyn ; foreword by Stephen Turnbull. |
| 250 | _aUnabridged. | ||
| 260 |
_aMinneapolis, MN : _bHighBridge ; _aPrince Frederick, MD : _bDistributed by Recorded Books, _cp2013. |
||
| 300 |
_a6 sound discs (7 hr., 30 min.) : _bdigital ; _c4 3/4 in. |
||
| 500 | _aCompact disc. | ||
| 500 | _aTitle from container. | ||
| 511 | 0 | _aRead by David Shih. | |
| 500 | _aIn container (17 cm.). | ||
| 520 | _aIn 1701, young Lord Asano is goaded into attacking a corrupt official at the Japanese Court. Although the wound Asano inflicts is minimal, the Emperor's punishment is harsh: Lord Asano is ordered to commit seppuku, or ritual suicide. His lands are confiscated and his family is dishonored and exiled. His samurai retainers now become ronin, or masterless, and are dispersed. These ronin are not trusted by their enemies, and live under the watchful eyes of spies for months. They appear to adapt to their new circumstances by becoming tradesmen and teachers. But the ronin only seem to accept their fate. They are in fact making careful plans for revenge, biding their time until the moment to strike is right! Their deeds became Japan's most celebrated example of bravery, cunning, and loyalty in an age when samurai were heroes, and honor was worth dying for. John Allyn's masterful retelling of 47 Ronin has long been considered the definitive version of these dramatic historical events. | ||
| 651 | 0 |
_aJapan _xHistory _yAkō Vendetta, 1703 _vFiction. _95885891 |
|
| 650 | 0 |
_aForty-seven Rōnin _vFiction. _95885892 |
|
| 655 | 7 |
_aAudiobooks. _2lcgft _95885893 |
|
| 700 | 1 |
_aTurnbull, Stephen R. _4aui _915129 |
|
| 700 | 1 |
_aShih, David. _4nrt _95852903 |
|
| 710 | 2 |
_aHighBridge Audio (Firm) _965511 |
|
| 710 | 2 |
_aRecorded Books, LLC. _95674251 |
|
| 938 |
_aRecorded Books _bRECB _nrdd90010016 |
||
| 942 |
_cCD _019 |
||
| 948 |
_a01/29/2014 _zSirsi |
||
| 994 |
_a02 _bWACOL |
||
| 996 |
_a106762 _b34301001633108 _cCD _dCD _ewcl _fi _g19 _h29.95 _i.CIRCNOTE. 6 discs _lmicro _mAll _p01/29/2014 _q09/21/2019 _r08/31/2019 |
||
| 999 |
_c282811 _d282811 |
||